| 000 | 01066nam a2200253Ia 4500 | ||
|---|---|---|---|
| 003 | OSt | ||
| 005 | 20210830155553.0 | ||
| 008 | 210310s1975 mx gr 000 0 spa d | ||
| 040 |
_aCO-JMCR _cCO-JMCR |
||
| 041 | 1 |
_aspa _hger |
|
| 082 | 0 | 4 |
_a340.1 / _bS378c _223 |
| 100 | 1 |
_aSchreier, Fritz, _917310 _eautor |
|
| 245 | 1 | 0 |
_aConceptos y formas fundamentales del derecho : _besbozo de una teoría formal del derecho y del estado sobre base fenomenológica / _cFritz Schreier ; traducción directa por Eduardo García Maynez |
| 260 |
_aMéxico : _bEditorial Nacional, _c1975 |
||
| 300 |
_a285 páginas ; _c23 cm. |
||
| 490 | 0 | _aBiblioteca del Instituto Argentino de Filosofía Jurídica y Social | |
| 500 | _aTítulo original: Grundbegriffe und grundformen des rechts | ||
| 505 | 0 | _aDerivación de los conceptos jurídicos fundamentales -- Teoría de las formas jurídicas | |
| 546 | _aTraducido del alemán. | ||
| 650 | 1 | 4 |
_aFilosofía del derecho _917312 |
| 650 | 2 | 4 |
_aEstado _939787 |
| 700 | 1 |
_aGarcía Maynez, Eduardo, _etraductor _939788 |
|
| 942 |
_2ddc _cBK |
||
| 999 |
_c8451 _d8451 |
||